000 00564nam a2200205 a 4500
005 20140310183222.0
008 030908s19uu xx 00 eng d
020 _a0071121196
050 _aBF 121
_b.L213 2002
100 _aLahey, Benjamin B.
245 _aEssentials of psychology /
_cBenjamin B. Lahey.
250 _aInternational
260 _aBoston :
_bMcGraw Hill,
_c2002.
300 _axxxviii, 482 p. :
_bill (col.) ;
_c28 cm.
500 _aIncludes Glossary
521 _aPSYCH
650 _aPsychology
942 _cBK
_2lcc
_kFOR
999 _c20341
_d20341